000
00321nam a2200121Ia 4500
008
230524s9999 xx 000 0 und d
100
_a
"D.P.Mukherjee, Debasish Jena"
245
0
_a
Computer Graphics: Algorithms and Implementations
260
_b
PHI
500
_a
Quantity Number: 10
650
_a
Comp-Sc
942
_c
BK
999
_c
50345
_d
50345